Normal view
MARC view
- MATHEMATICS.MATHEMATICAL METHODS FOR SCIENTISTS AND ENGINEERS
Entry Topical Term
001 - CONTROL NUMBER
- control field: 61642
003 - CONTROL NUMBER IDENTIFIER
- control field: NUST
005 - DATE AND TIME OF LATEST TRANSACTION
- control field: 20210628202805.0
008 - FIXED-LENGTH DATA ELEMENTS
- fixed length control field: 210628|| aca||aabn | a|a d
040 ## - CATALOGING SOURCE
- Original cataloging agency: NUST
- Transcribing agency: NUST
150 ## - HEADING--TOPICAL TERM
- Topical term or geographic name entry element: MATHEMATICS.MATHEMATICAL METHODS FOR SCIENTISTS AND ENGINEERS
670 ## - SOURCE DATA FOUND
- Source citation: Work cat.: (NUST): Mcquarrie, Donald A 61641, Mathematical methods, for scientists and engineers, 2003
